| 000 | 00659nmm a2200253 a 4500 | ||
|---|---|---|---|
| 003 | AR-BaBNM | ||
| 005 | 20251128210622.0 | ||
| 008 | 100020s1950 ||||||||||||||000 | spa|| | ||
| 040 | _cAR-BaBNM | ||
| 100 | 1 | _aBarcia Trelles, Augusto | |
| 245 | 1 | 0 |
_aSan Martín en Europa _n6 |
| 260 |
_aBuenos Aires _bLópez & Etchegoyen _c1950 |
||
| 300 | 0 | _a415 p. | |
| 600 | 1 | 4 | _aRosa, Juan Manuel De |
| 600 | 1 | 4 | _aSan Martín, José de |
| 650 | 4 | _aHISTORIA ARGENTINA | |
| 650 | 4 | _aBIOGRAFIAS | |
| 650 | 4 | _aHISTORIA POLITICA | |
| 650 | 4 | _aHISTORIA DE LAS IDEAS | |
| 650 | 4 | _aCAUDILLOS ARGENTINOS | |
| 655 | _aBIOGRAFIAS | ||
| 942 | _cBK | ||
| 998 | _cMariana | ||
| 999 |
_c16202 _d16202 |
||